000 00476nam a2200193 b 4500
003 OSt
005 20151214101045.0
008 010226s2000 sp | ||| ||spa
020 _a84-607-1028-9
040 _cBMC
082 _a863
100 1 _aDorado, Zoraida F.
_937639
245 1 3 _aLa sombra de Osiris
_cZoraida F. Dorado
250 _a1ª ed
260 _aMadrid
_bPersonal
_c2000
300 _a229 p.
_c21 cm
650 2 4 _929289
_aNovela española
942 _2ddc
_cBK
999 _c23970
_d23970